| 000 | 01478nam a2200253Ia 4500 | ||
|---|---|---|---|
| 999 |
_c51510 _d51510 |
||
| 001 | 18499 | ||
| 003 | GE_BSU | ||
| 005 | 20210511210400.0 | ||
| 008 | 181216s2015||||ge |||||||||||||| || || | ||
| 020 | _a9789941940224 | ||
| 040 | _cGE_BSU | ||
| 041 | _ageo | ||
| 080 | _a7.01(075.8) ნ-62 | ||
| 100 |
_aნიკიტიჩ, ლ. ა. _911772 |
||
| 245 |
_aესთეტიკა = Эстетика / _cლ.ა. ნიკიტიჩ ; ნ. ერიაშვილის რედაქტორობით. |
||
| 264 |
_aთბილისი : _bსამართლიანი საქართველო, _c2015. |
||
| 300 |
_a249 გვ. ; _c20 სმ. |
||
| 500 | _aსახელმძღვანელოში განხილულია ესთეტიკის საგანი, შესწავლის მეთოდები და ფუნქციები. მასში დაწვრილებითაა განხილული ესთეტიკის კატეგორიები, შემოქმედებითი პროცესის თავისებურებები, ხელოვნების სახეები და სტილები. | ||
| 541 | _h23ლ.25თ. | ||
| 653 | _aესთეტიკა = Эстетика | ||
| 653 | _aხელოვნება | ||
| 700 |
_aერიაშვილი, ნ. _eრედაქტორი _93261 |
||
| 942 |
_cBK _2udc |
||